| 000 | 00000nas 2200000za 4500 |
| 001 | 9.504926 |
| 003 | CaOODSP |
| 005 | 20200325130542 |
| 007 | cr ||||||||||| |
| 008 | 150406d20012002xxc|| m o||||f| |0eng|d |
| 040 | |aCaOODSP|beng |
| 043 | |an-cn--- |
| 086 | 1 |aM143-5E-PDF |
| 110 | 1 |aCanada.|bNatural Resources Canada. |bRenewable and Electrical Energy Division. |
| 245 | 10|aCase study. Biomass combustion systems |h[electronic resource] |
| 260 | |aOttawa - Ontario : |bNatural Resources Canada. |
| 690 | 07|aBiomass|2gcpds |
| 690 | 07|aCase studies|2gcpds |
| 775 | 08|tÉtude de cas. Systèmes de chauffage à la biomasse |w(CaOODSP)9.501325 |
| 776 | 0#|tCase study - biomass combustion systems |w(CaOODSP)9.514788 |